000
00300nam a2200121Ia 4500
008
220530s9999 xx 000 0 und d
040
_a
eng
100
_a
SARMUKADOM
_9
60553
245
_a
BIOSTATISTICS
250
_a
FIRST
260
_a
NAGPUR
_b
JAYPEE PUBLICATION,NAGPUR
_c
2010
650
_a
RESEARCH
_9
60554
999
_c
2169
_d
2169